Duden Grammatik der deutschen Gegenwartssprache

Gespeichert in:
Bibliographische Detailangaben
Format: Buch
Sprache:Deutsch
Veröffentlicht: Mannheim Dudenverlag 1998
Ausgabe:6. neu bearb. Aufl.
Schriftenreihe:Der Duden in 12 Bänder
Schlagworte:
Tags: Tag hinzufügen
Keine Tags, Fügen Sie das erste Tag hinzu!

MARC

LEADER 00000nam$a2200000$$$4500
001 0168488
005 20240111125450.9
020 |a 3-411-04046-7 
041 0 |a ger 
044 |a DE 
245 1 0 |a Duden  |b Grammatik der deutschen Gegenwartssprache 
250 |a 6. neu bearb. Aufl. 
264 1 |a Mannheim  |b Dudenverlag  |c 1998 
300 |a 912 s. 
490 1 |a Der Duden in 12 Bänder 
830 0 |a Der Duden in 12 Bänder 
610 2 0 |a jazykoveda 
610 2 0 |a terminológia 
610 2 0 |a predpisy 
610 2 0 |a písmo